Score 0/16 Timer 03:00
0 Plays Today
Show Name Missing Word % Correct
Gilmore ____ : A Year in the LifeGirls
90.7%
Lemony Snicket's A Series of ____ EventsUnfortunate
87.9%
Stranger ____ Things
76.5%
____ of NoneMaster
61.2%
Marvel's ____ JonesJessica
59.6%
Wet Hot ____ Summer: First Day of CampAmerican
59.2%
Marvel's Luke ____ Cage
57.8%
Making a ____Murderer
54.6%
Show Name Missing Word % Correct
____ HouseFuller
49.3%
Grace and ____Frankie
47.4%
Haters ____ OffBack
43.2%
Ever ____ HighAfter
38.4%
Chef's ____Table
25.7%
White ____ ProjectRabbit
12.7%
Chelsea ____ Does
7.3%
Dawn of the ____ Croods
4.7%

Today's Daily Dose

Remove Ads.
Support Sporcle.
Get the best of Sporcle when you Go Orange. This ad-free experience offers more features, more stats, and more fun while also helping to support Sporcle. Thank you for becoming a member.

You're not logged in!

Compare scores with friends on all Sporcle quizzes.
OR
Log In

Show Comments

Extras

Top Quizzes Today


Score Distribution

Your Account Isn't Verified!

In order to create a playlist on Sporcle, you need to verify the email address you used during registration. Go to your Sporcle Settings to finish the process.

Report this User

Report this user for behavior that violates our Community Guidelines.

Details: